[Event "Madurai Athens of the East op-C U1700"]
[Site "Madurai"]
[Date "2023.12.26"]
[Round "8"]
[White "Nikam, Ravindra"]
[Black "Balamurugan, Senthilkumar"]
[Result "1-0"]
[WhiteElo "1609"]
[BlackElo "1499"]
[PlyCount "75"]
[EventDate "2023.12.24"]
[EventType "swiss"]
[EventRounds "9"]
[EventCountry "IND"]
[SourceTitle "CB06_2024"]
[SourceDate "2024.02.07"]
[SourceVersion "1"]
[SourceVersionDate "2024.02.07"]
[SourceQuality "1"]

1. d4 d5 2. c4 e6 3. e3 Nf6 4. Nf3 Be7 5. Bd3 b6 6. 0-0 0-0 7. b3 Bb7 8. Qe2 Nbd7 9. Bb2 c5 10. Rd1 Qc7 11. Na3 Ng4 12. cxd5 cxd4 13. Nb5 Qb8 14. h3 Nge5 15. Nxe5 Qxe5 16. dxe6 fxe6 17. Bxd4 Qg5 18. f4 Qh6 19. Qg4 Nc5 20. Bc4 Kh8 21. b4 Ne4 22. Bxg7+ Qxg7 23. Qxg7+ Kxg7 24. Rd7 Kf6 25. Rxb7 Bxb4 26. Rxh7 Bd2 27. g3 a6 28. Nc7 b5 29. Bxe6 Ra7 30. f5 Ke5 31. Rd1 Bxe3+ 32. Kg2 Ng5 33. Rd5+ Ke4 34. Rh4+ Bf4 35. Rxf4+ Ke3 36. Re5+ Kd3 37. Nd5 a5 38. Re3+ 1-0